01011cam 2200289 a 4500001000800000005001700008008004100025035002100066906004500087010001700132020001500149040001800164050002100182082001500203100003400218240001000252245012200262260007300384300003300457504002600490500002000516650004500536650002800581700002300609991006000632099002900692382284119941020103958.7860314t19861981nyua b 001 1 eng  9(DLC) 86003500 a7bcbccorignewd1eocipf19gy-gencatlg a 86003500  a0517615312 aDLCcDLCdDLC00aPS2612b.A1 198600a813/.32191 aPoe, Edgar Allan,d1809-1849.10aTales14aThe annotated tales of Edgar Allan Poe /cedited with an introduction, notes, and a bibliography by Stephen Peithman. aNew York :bAvenel :bDistributed by Crown Publishers,c1986, c1981. axv, 685 p. :bill. ;c29 cm. aBibliography: p. 685. aIncludes index. 0aDetective and mystery stories, American. 0aHorror tales, American.1 aPeithman, Stephen. bc-GenCollhPS2612i.A1 1986p00000446956tCopy 1wBOOKS apoe-annotated-1071325648